| 000 | 00933nam a2200205Ia 4500 | ||
|---|---|---|---|
| 999 |
_c39723 _d39723 |
||
| 001 | 6328 | ||
| 003 | GE_BSU | ||
| 005 | 20190627152222.0 | ||
| 008 | 181216s1980|||| |||||||||||||| ||geo|| | ||
| 041 | _ageo | ||
| 080 | _a62-83(075.8)+621.3(075.8) კ-41 | ||
| 100 |
_aკერვალიშვილი, ო. _92982 |
||
| 245 |
_aელექტროამძრავი და ელექტრომოწყობილობა : დამხმ. სახელმძღვ. / _cო.კერვალიშვილი ; რედ : ე .გიორგაძე. |
||
| 264 |
_aთბილისი : _bსპი, _c1980. |
||
| 300 |
_a140 გვ .: _c20 სმ. |
||
| 653 | _aლექტროამძრავი და ელექტრომოწყობილობა | ||
| 653 | _aტექნიკა | ||
| 700 |
_aგიორგაძე, ე _eრედაქტორი _9398 |
||
| 942 |
_cBK _2udc |
||